Theatro critico universal o Discursos varios en todo género de materias, para desengaño de errores comunes / (Record no. 154041)
[ view plain ]
| 000 -LEADER | |
|---|---|
| campo de control de longitud fija | 01106nam a2200229 i 4500 |
| 001 - NÚMERO DE CONTROL | |
| campo de control | 154041 |
| 003 - IDENTIFICADOR DE NÚMERO DE CONTROL | |
| campo de control | ES-MaACL |
| 005 - FECHA Y HORA DE LA ÚLTIMA TRANSACCIÓN | |
| campo de control | 20250724063417.0 |
| 008 - DATOS DE LONGITUD FIJA--INFORMACIÓN GENERAL | |
| campo de control de longitud fija | 931025s1773 sp |||| | spa d |
| 040 ## - FUENTE DE CATALOGACIÓN | |
| Centro catalogador/agencia de origen | CAM |
| Lengua de catalogación | spa |
| Centro/agencia transcriptor | PAB |
| 100 1# - ENTRADA PRINCIPAL--NOMBRE DE PERSONA | |
| Nombre de persona | Feijoo, Benito Jerónimo, |
| Fechas asociadas al nombre | 1676-1764 |
| 9 (RLIN) | 49105 |
| 245 10 - MENCIÓN DEL TÍTULO | |
| Título | Theatro critico universal o Discursos varios en todo género de materias, para desengaño de errores comunes / |
| Mención de responsabilidad, etc. | escrito por ... Fr. Benito Geronymo Feyjoó y Montenegro ... ; tomo septimo. |
| 250 ## - MENCION DE EDICION | |
| Mención de edición | Nueva impresion |
| Resto de la mención de edición | en la qual van puestas las addiciones del Suplemento en sus lugares. |
| 260 ## - PUBLICACIÓN, DISTRIBUCIÓN, ETC. | |
| Lugar de publicación, distribución, etc. | Madrid : |
| Nombre del editor, distribuidor, etc. | en la imprenta de don Antonio de Sancha : |
| -- | a costa de la Real Compañia de Impresores y Libreros, |
| Fecha de publicación, distribución, etc. | 1773. |
| 300 ## - DESCRIPCIÓN FÍSICA | |
| Extensión | XLIV, 446 p., [2] en bl. ; |
| Dimensiones | 4º. |
| 596 ## - NOTA AL PIE DE IMPRENTA | |
| NOTA AL PIE DE IMPRENTA | Marca tip. del ed. en port. |
| 597 ## - NOTA DE DESCRIPCIÓN FÍSICA | |
| NOTA DE DESCRIPCIÓN FÍSICA | Sign. : a-b8, c6, A-Z8, 2A-2E8. |
| 597 ## - NOTA DE DESCRIPCIÓN FÍSICA | |
| NOTA DE DESCRIPCIÓN FÍSICA | Port. con grab. xil. |
| 710 2# - ENTRADA AGREGADA--NOMBRE DE ENTIDAD CORPORATIVA | |
| Nombre de entidad corporativa o nombre de jurisdicción como elemento de entrada | Real Compañía de Impresores y Libreros del Reino. |
| 9 (RLIN) | 134788 |
| 852 ## - LOCALIZACIÓN | |
| Ubicación | ES-MaACL |
| Número de control de estantería | R-847-61 |
| Nota libre | -- Enc. piel no original de la época |
| Encuadernación | Olim: G-1530-44 |
| Estatus retirado | Estado de pérdida | Estado de daño | No para préstamo | Colección | Biblioteca de origen | Biblioteca actual | Ubicación en estantería | Fecha de adquisición | Total de préstamos | Signatura topográfica completa | Código de barras | Visto por última vez | Precio de reemplazo | Tipo de ítem Koha |
|---|---|---|---|---|---|---|---|---|---|---|---|---|---|---|
| Libros del s. XVIII | Biblioteca del Ateneo de Madrid | Biblioteca del Ateneo de Madrid | Depósito | 17/01/2008 | R-847-61 | 1161064 | 23/02/2023 | 23/02/2023 | Libro impreso antiguo |
